| 000 | 00548nam a2200169 a 4500 | ||
|---|---|---|---|
| 001 | BRCA_2297 | ||
| 005 | 20190320203740.0 | ||
| 008 | 990303s1998----mx-a---###---f000-0#spa-d | ||
| 040 |
_aCLU _cCLU _dMH |
||
| 050 | 4 |
_aTR640 _b.F68 1998 |
|
| 245 | 1 | 0 |
_aFotoseptiembre _binternacional ´98. |
| 260 |
_a[México] _bCentro de la Imagen _c1998- |
||
| 300 |
_a601 p. _bil. _c21 cm. |
||
| 650 | 1 | 4 |
_aFotografía artística _vPublicaciones seriadas _xExposiciones _96879 |
| 650 | 1 | 4 |
_aFotografía _vPublicaciones seriadas _xExposiciones _zMéxico _96880 |
| 942 |
_2lcc _cB |
||
| 999 |
_c2042 _d2042 |
||